An introduction to architectural conservation : (Record no. 7722)

000 -LEADER
fixed length control field 00688cam a2200193 i 4500
003 - CONTROL NUMBER IDENTIFIER
control field OSt
005 - DATE AND TIME OF LATEST TRANSACTION
control field 20200513132843.0
008 - FIXED-LENGTH DATA ELEMENTS--GENERAL INFORMATION
fixed length control field 140912s2014 enka b 001 0 eng
010 ## - LIBRARY OF CONGRESS CONTROL NUMBER
LC control number 2014495181
020 ## - INTERNATIONAL STANDARD BOOK NUMBER
International Standard Book Number 9781859465295 (pbk.)
082 ## - DEWEY DECIMAL CLASSIFICATION NUMBER
Classification number 720.288
100 1# - MAIN ENTRY--PERSONAL NAME
Personal name Evans, Nick Lee,
Relator term author.
245 13 - TITLE STATEMENT
Title An introduction to architectural conservation :
Remainder of title philosophy, legislation & practice /
Statement of responsibility, etc Nick Lee Evans.
300 ## - PHYSICAL DESCRIPTION
Extent viii, 125 pages :
Other physical details illustrations ;
Dimensions 25 cm
504 ## - BIBLIOGRAPHY, ETC. NOTE
Bibliography, etc Includes bibliographical references and index.
650 #0 - SUBJECT ADDED ENTRY--TOPICAL TERM
Topical term or geographic name as entry element Architecture
General subdivision Conservation and restoration
Geographic subdivision Great Britain.
650 #0 - SUBJECT ADDED ENTRY--TOPICAL TERM
Topical term or geographic name as entry element Historic buildings
General subdivision Government policy
Geographic subdivision Great Britain.
942 ## - ADDED ENTRY ELEMENTS (KOHA)
Source of classification or shelving scheme
Holdings
Withdrawn status Lost status Source of classification or shelving scheme Damaged status Koha normalized classification for sorting Not for loan Permanent location Current location Date acquired Full call number Barcode Date last seen Price effective from Koha item type
        720_000000000000000_288EVA   BMS College of Architecture, Design and Planning BMS College of Architecture, Design and Planning 2020-05-13 720.288EVA ar-ug1479 2020-05-13 2020-05-13 UG Books
Copyright © 2025, The Librarian, Library and Information Centre, BMSCA D&P, Bengaluru. All Rights Reserved
web counter

Powered by Koha